00588nam a2200169Ia 4500008004100000020001500041041001200056082001600068100001700084245008200101260002500183300000800208650000700216942000700223999001500230952017300245221030s9999 xx 000 0 und d a007451587X aEnglish a105.23bDho aP. S. Dhogal 0aBasic Electrical Engineering With Numerical Problems Vol. IIcby P. S. Dhogal bTMHaNew Delhic1997 a466 aEE cBK c4776d4776 pBE 955g86.00hIIl0o105.23 Dhor2024-06-13 00:00:00w2022-10-30yBK003Print4070aMIETLIBbMIETLIBcBL-Academic Block A, FL-1, CUP-36, SH-3, R-3d2005-09-2710HBE